| 000 | 01008nam a22003017a 4500 | ||
|---|---|---|---|
| 003 | CHAP | ||
| 005 | 20220817044447.0 | ||
| 008 | 110727s2010 cu a r 00010 spa d | ||
| 010 | _a101629 | ||
| 011 | _a102601 | ||
| 020 | _a9789590713033 | ||
| 035 | _a113290 | ||
| 040 | _cCHAP | ||
| 082 | 0 | 4 |
_a338.1 _bEc74 |
| 245 | 0 | 0 |
_aEconomía agrícola : _bpara las carreras agropecuarias _c/por Clara M. Trujillo Rodríguez...[et al.] |
| 260 |
_aLa Habana, Cub. : _bFélix Varela, _c2010 |
||
| 300 |
_avi, 176 p. : _bilus. |
||
| 590 |
_aBATCH-UPD _b10 _c20130110 _lUCH01 _h1717 |
||
| 590 |
_aBATCH-UPD _b10 _c20130410 _lUCH01 _h1101 |
||
| 590 |
_aBATCH-UPD _b10 _c20130914 _lUCH01 _h1233 |
||
| 590 |
_aCONVERSION _b10 _c20130109 _lUCH01 _h1356 |
||
| 650 | 1 | 4 |
_aAgricultura _xAspectos económicos. |
| 650 | 1 | 4 |
_aEconomía _xEstudio y enseñanza. _935236 |
| 700 | 1 |
_aTrujillo Rodríguez, Clara M. _9115419 |
|
| 901 | _aBK | ||
| 942 | _cLIBRO | ||
| 949 |
_a338.1 Ec74 _bBC _cLIBRO _d33724002244959 _eLIBRO _h115398 _i113290 _si |
||
| 999 |
_c101629 _d101629 |
||